Normal view
MARC view
- Munir Hamad
Entry Personal Name
001 - CONTROL NUMBER
- control field: 134454
003 - CONTROL NUMBER IDENTIFIER
- control field: NUST
005 - DATE AND TIME OF LATEST TRANSACTION
- control field: 20260514095222.0
008 - FIXED-LENGTH DATA ELEMENTS
- fixed length control field: 260514|| aca||aabn | a|a d
040 ## - CATALOGING SOURCE
- Original cataloging agency: NUST
- Transcribing agency: NUST
100 ## - HEADING--PERSONAL NAME
- Personal name: Munir Hamad
670 ## - SOURCE DATA FOUND
- Source citation: Work cat.: (NUST): Munir Hamad, AutoCAD 2025 Beginning and Intermediate /, 2024.
